000
00483nam a2200169Ia 4500
008
110201s9999 xx 000 0 und d
082
_b
B416
_a
K 236
100
_a
मंगेशकर गीता
245
_a
दौलत
_b
का
260
_b
प्रिया प्रकाशन
365
_b
45
600
_a
मंगेशकर गीता
630
_a
दौलत
700
_a
मंगेशकर गीता
730
_a
दौलत
942
_c
BOOK
999
_c
827912
_d
827909